| 000 | 02206nam a2200565 a 4500 | ||
|---|---|---|---|
| 001 | 20153 | ||
| 003 | VRT | ||
| 005 | 20260117130732.0 | ||
| 008 | 160830s2007 xo oab g e 000 0dslo | ||
| 015 | _aSNBA2008/11-05193 | ||
| 020 | _a9788089144808 (súbor) | ||
| 020 | _a9788089144815 (viaz. : 1. zv.) | ||
| 035 | _a212B555B-E148-4D4D-B745-5FCCED7B56E6 | ||
| 035 | _aurn:nbn:sk:snk-amjveg | ||
| 035 | _aurn:nbn:sk:snk-am0080c3 | ||
| 039 | 9 |
_a202110062102 _bAUTHORITY _c202110062050 _dAUTHORITY _c202003060745 _dmsvkbb04 _c202003050914 _dmsvkbb04 |
|
| 040 |
_aVTHK _bslo _cVTHK _dSNK _eAACR2 |
||
| 041 | 1 |
_aslo _hger |
|
| 044 |
_axo _cSK |
||
| 072 | 7 |
_a94(100) _xSvetové dejiny _2konspekt |
|
| 080 |
_a94(100) _22011 |
||
| 080 |
_a(031) _22011 |
||
| 080 |
_a(048.8) _22011 |
||
| 130 | 0 |
_aChronik des 20. Jahrhunderts _lSlovensky |
|
| 245 | 1 | 0 |
_aKronika 20. storočia _n[1] _p1900-1909 _c[z nemeckého originálu ... preložili, doplnili a upravili Ladislav Deák ... [et al.] ; slovenské vydanie zostavila Edita Ivaničková] |
| 246 | 3 | 0 | _a1900-1909 |
| 250 | _a2. slov. vyd. | ||
| 260 |
_aBratislava _bFortuna Libri _bPetit Press _c2007 |
||
| 300 |
_a111 s. _bfotogr., mp. _c30 cm |
||
| 490 | 1 | _aEdícia denníka SME | |
| 648 | 7 |
_a1900-1909 _2SNKPH |
|
| 650 | 0 | 7 |
_asvetové dejiny _2SNKPH |
| 650 | 0 | 7 |
_aWorld history _2SNKPHeng |
| 655 | 7 |
_aencyklopédie _2SNKPH |
|
| 655 | 7 |
_achronologické prehľady _2SNKPH |
|
| 655 | 7 |
_aEncyclopedias _2SNKPHeng |
|
| 700 | 1 |
_aDeák, Ladislav, _d1931-2011 _4trl |
|
| 700 | 1 |
_aIvaničková, Edita, _d1948- _4com |
|
| 830 | 0 | _aEdícia denníka SME | |
| 942 |
_2ddc _cOLDO _n0 |
||
| 949 |
_63822040004 _akuruktkeD-3604/1 _bkuruktke23/681 _oD2023/Šechný, Jozef |
||
| 949 |
_62889388001 _asavukV 55411 _bsavuk2023/1490 |
||
| 949 |
_6273K0689903 _asvkpoC 64304/I _bsvkpo679771 |
||
| 949 |
_617A0570121 _9snkKRO/1 94"19" _asnkSB 75729/1 D2 _bsnk2008/1564 _of.č.:08/0005 |
||
| 949 |
_617A0601777 _asnkSB 75729/1 _bsnk2008/19299 _o1800/08 _s6100:20140925 |
||
| 949 |
_6270001000642142 _asvkbbC 64668-1 _bsvkbbm 789579 |
||
| 980 | _a94(100) | ||
| 999 |
_c20153 _d20153 |
||